| 000 | 00383nam a22001697a 4500 | ||
|---|---|---|---|
| 005 | 20260413125635.0 | ||
| 008 | 160627b xxu||||| |||| 00| 0 eng d | ||
| 020 | _a0-14-302940-1 | ||
| 041 | _aeng | ||
| 082 | _a793.73 | ||
| 100 |
_aBasu, Siddhartha _92979 |
||
| 245 | _aMastermaind India | ||
| 260 |
_bPenguin India _c2003 |
||
| 300 | _a250 | ||
| 650 | _aManagement | ||
| 942 | _cBK | ||
| 999 |
_c4312 _d4311 |
||